Problemas resueltos de flujo en canales

Gespeichert in:
Bibliographische Detailangaben
Hauptverfasser: Fernández Bono, Juan F (VerfasserIn), García Bartual, Rafael L (VerfasserIn), Vallés Morán, Francisco (VerfasserIn), Moreno Durá, Amparo (VerfasserIn)
Format: Buch
Sprache:Spanisch
Veröffentlicht: Valencia Universidad Politécnica de Valencia 2002
Schlagworte:
Tags: Tag hinzufügen
Keine Tags, Fügen Sie den ersten Tag hinzu!

MARC

LEADER 00000nam a2200000 a 4500
001 UCL2334
003 CL-VaPUC
008 031017e20020000SP |||||||||||||||||spa|d
020 |a 8497051580 
082 0 4 |a 627.13  |b FER  |2 21 
100 0 |a Fernández Bono, Juan F  |e author  |9 479439 
700 0 |a García Bartual, Rafael L  |e author  |9 479440 
700 0 |a Vallés Morán, Francisco  |e author  |9 479441 
700 0 |a Moreno Durá, Amparo  |e author  |9 479442 
245 1 0 |a Problemas resueltos de flujo en canales 
300 |a 214 p 
942 |c BK 
945 |d 20031017 00:00:00  |a cmena 
260 |a Valencia  |b Universidad Politécnica de Valencia  |c 2002 
650 0 |a Ingeniería hidráulica  |9 260281 
650 7 |a CANALES  |2 CL-VaPUC  |9 264188 
650 7 |a ESTRUCTURAS HIDRAULICAS  |2 CL-VaPUC  |9 261375 
583 |a last modification  |c 20031017 00:00:00  |k Rodrigo Vera 
999 |c 305674  |d 305672 
952 |0 0  |1 0  |4 0  |6 627_130000000000000_FER_2002  |7 0  |8 A  |9 369889  |a BIBING  |b BIBING  |d 2019-11-21  |i 3951995  |l 1  |m 2  |o 627.13 FER 2002  |p 3951995  |r 2025-01-20  |s 2022-09-01  |w 2019-11-21  |y BK  |k CCL